|
|
|
|
| LEADER |
02112nam a22003377a 4500 |
| 001 |
mzk03001026597 |
| 003 |
CZ BrMZK |
| 005 |
20181104074139.0 |
| 007 |
ta |
| 008 |
050808s1553 gw fr|||||00| ||latod |
| 040 |
|
|
|a BOA001
|b cze
|c BOA001
|
| 072 |
|
7 |
|a 094
|x Staré tisky
|2 Konspekt
|9 12
|
| 080 |
|
|
|a (0.068)094
|2 MRF
|
| 100 |
0 |
|
|a Theokritos,
|d ca 300-ca 260 př. Kr.
|7 jn19990210614
|4 aut
|
| 245 |
1 |
0 |
|a Eidyllia, tút esti mikrá poiémata hex kai triakonta. Tú autú epigrammata ennea kai deka. Tú autú Pelekis kai Pterygion. Meta tón Scholión Zachariú Kalliergú pany ofelimón :
|b Theocriti Eidyllia, Hoc est, parua Poemata, XXXVI. Eiusdem Epigrammata XIX. Eiusdem Bipennis & Ala. Praeter haec et Latina versio carmine non infeliciter reddita per H. Eobanum Hessum, & Ioachimi Camerarij scholia non inerudita accessere.
|n [P. 2.],
|p Theocriti Syracvsani Eidyllia trigintasex, Latino carmine reddita, Helio Eobano Hesso interprete. Accesserunt recens Theocryti genus, ac uita. De inuentine, ac discrimine Bucolicorum carminum. Item Singulis Eidyllijs singula argumenta, A quodam Graece, Latineque erudito Latinitate donata /
|c Theocritu
|
| 246 |
3 |
0 |
|a Theocriti Syracvsani Eidyllia trigintasex, Latino carmine reddita, Helio Eobano Hesso interprete. Accesserunt recens Theocryti genus, ac uita. De inuentine, ac discrimine Bucolicorum carminum. Item Singulis Eidyllijs singula argumenta, A quodam Graece, Latineque erudito Latinitate donata
|
| 260 |
|
|
|a Francofurti :
|b Petrus Brubachius,
|c 1553
|
| 300 |
|
|
|a A-N8 [=104] listů ;
|c 8°
|
| 501 |
|
|
|a Přívazek k 1. dílu téhož titulu
|
| 655 |
|
7 |
|a staré tisky
|7 fd422076
|2 czenas
|
| 700 |
1 |
|
|a Hessus, Helius Eobanus,
|d 1488-1540
|7 nlk20020104229
|4 com
|
| 700 |
1 |
|
|a Camerarius, Joachim,
|d 1500-1574
|7 jo2003188207
|4 com
|
| 903 |
|
|
|a RP
|
| 910 |
|
|
|a BOA001
|b G-0000.102,1,přív.
|
| 978 |
|
|
|b Braubach, Peter
|a Frankfurt a.M.
|c 1553
|
| 984 |
|
|
|a Frankfurt nad Mohanem
|b Německo
|
| 985 |
|
|
|a 1551-1600
|
| 990 |
|
|
|a BK
|
| 993 |
|
|
|a Y
|
| 991 |
|
|
|k mzk
|
| 994 |
|
|
|a UP
|l MZK03
|b 001026596
|m přívazek
|n záznam 1. díla (pro objednání pokračujte kliknutím)
|